00603nam a22001937a 4500999001900000005001700019010001300036020002600049035001100075037001300086082000700099100003000106245006300136246005200199260005100251270005700302300002300359942002700382 c182365d18236520211111123017.0 aUR-11322 c146.00a9789390533381 aU-9877 bDBAD/PUB aک aعظيم ا نصا ر ی  aد و گھنٹے کی محبت cعظيم ا نصا ر ی  aDo Ghante Ki Mohabbat (Urdu)bby Azeem Ansari  aN.Delhic2020 ءbEducational Publishing House aD1/16,Ansari Road,Darya Ganj,bNew Delhie110002l - a248 ص c22 Cm(Hb) 2ddccURhکmا ن ص